MARC

LEADER 00000nam0a2200000 4500
001 28899
005 20231101205858.0
010 |a 5743001200 
035 |a (RuTPU)RU\TPU\book\29157 
035 |a BOOK00000016 
090 |a 28899 
100 |a 20011209d1990 k y0rusy50 ca 
101 0 |a rus 
102 |a RU 
105 |a y z 000zy 
200 1 |a Познание и вера  |f М. Т. Андрюшенко 
210 |a Иркутск  |c Изд-во Иркутского ун-та  |d 1990 
215 |a 165 с. 
606 |a Религиоведение  |2 stltpush  |3 (RuTPU)RU\TPU\subj\24943  |9 49207 
610 1 |a философия 
610 1 |a познание 
610 1 |a вера 
610 1 |a взаимосвязь 
686 |a А513  |v LBC/SL-A  |2 rubbk 
686 |a Э210  |v LBC/SL-A  |2 rubbk 
700 1 |a Андрюшенко  |b М. Т.  |g Михаил Трофимович 
801 0 |a RU  |b 63413507  |c 20011209  |g PSBO 
801 2 |a RU  |b 63413507  |c 20171016  |g RCR 
942 |c BK